<?xml version="1.0" encoding="UTF-8"?>
<record
    xmlns:xsi="http://www.w3.org/2001/XMLSchema-instance"
    xsi:schemaLocation="http://www.loc.gov/MARC21/slim http://www.loc.gov/standards/marcxml/schema/MARC21slim.xsd"
    xmlns="http://www.loc.gov/MARC21/slim">

  <leader>04320cam a22003495a 4500</leader>
  <controlfield tag="001">17250775</controlfield>
  <controlfield tag="003">EG-ScBUE</controlfield>
  <controlfield tag="005">20220510111033.0</controlfield>
  <controlfield tag="008">120411t2012    caua   f b    001 0 eng d</controlfield>
  <datafield tag="020" ind1=" " ind2=" ">
    <subfield code="a">9781118095676 (pbk.)</subfield>
  </datafield>
  <datafield tag="040" ind1=" " ind2=" ">
    <subfield code="a">DLC</subfield>
    <subfield code="b">eng</subfield>
    <subfield code="e">rda</subfield>
    <subfield code="c">DLC</subfield>
    <subfield code="d">DLC</subfield>
    <subfield code="d">EG-ScBUE</subfield>
  </datafield>
  <datafield tag="082" ind1="0" ind2="4">
    <subfield code="a">428.0071</subfield>
    <subfield code="2">22</subfield>
    <subfield code="b">FER</subfield>
  </datafield>
  <datafield tag="100" ind1="1" ind2=" ">
    <subfield code="a">Ferlazzo, Larry,</subfield>
    <subfield code="e">author.</subfield>
    <subfield code="9">38656</subfield>
  </datafield>
  <datafield tag="245" ind1="1" ind2="4">
    <subfield code="a">The ESL/ELL teacher's survival guide :</subfield>
    <subfield code="b">ready-to-use strategies, tools, and activities for teaching English language learners of all levels /</subfield>
    <subfield code="c">Larry Ferlazzo, Katie Hull-Sypnieski.</subfield>
  </datafield>
  <datafield tag="264" ind1=" " ind2="1">
    <subfield code="a">San Francisco, CA :</subfield>
    <subfield code="b">Jossey-Bass,</subfield>
    <subfield code="c">[2012]</subfield>
  </datafield>
  <datafield tag="264" ind1=" " ind2="4">
    <subfield code="c">c2012</subfield>
  </datafield>
  <datafield tag="300" ind1=" " ind2=" ">
    <subfield code="a">xiv, 322 pages :</subfield>
    <subfield code="b">illustrations ;</subfield>
    <subfield code="c">28 cm.</subfield>
  </datafield>
  <datafield tag="336" ind1=" " ind2=" ">
    <subfield code="2">rdacontent</subfield>
    <subfield code="a">text</subfield>
    <subfield code="b">txt</subfield>
  </datafield>
  <datafield tag="337" ind1=" " ind2=" ">
    <subfield code="2">rdamedia</subfield>
    <subfield code="a">unmediated</subfield>
    <subfield code="b">n</subfield>
  </datafield>
  <datafield tag="338" ind1=" " ind2=" ">
    <subfield code="2">rdacarrier</subfield>
    <subfield code="a">volume</subfield>
    <subfield code="b">nc</subfield>
  </datafield>
  <datafield tag="490" ind1="0" ind2=" ">
    <subfield code="a">Jossey-Bass teacher</subfield>
  </datafield>
  <datafield tag="504" ind1=" " ind2=" ">
    <subfield code="a">Includes bibliographical references and index.
</subfield>
  </datafield>
  <datafield tag="505" ind1="8" ind2=" ">
    <subfield code="a">Machine generated contents note: About the AuthorsAcknowledgmentsIntroductionPART ONE: GETTING STARTED WITH ENGLISH LANGUAGE LEARNERSChapter 1: ESL Instruction: The Big PictureSome Facts About the ELL PopulationA Primer on ESL ResearchA Quick Tour of ESL Best PracticesChapter 2: ESL Classroom Basics: Building a Positive and Effective Learning EnvironmentThe First "R": Building RelationshipsThe Second "R": Resources in the ESL ClassroomThe Third "R": Establishing RoutinesPART TWO: TEACHING BEGINNING ENGLISH LANGUAGE LEARNERSChapter 3: Key Elements of a Curriculum for Beginning ELLsChapter 4: Daily Instruction for Beginning ELLsReflectionHomeworkField TripsAssessmentPicture Word Inductive Unit PlanA Sample Week in a Two Period (Sixty Minutes Each) Beginning ESL ClassYear-Long ScheduleOther ActivitiesPART THREE: TEACHING INTERMEDIATE ENGLISH LANGUAGE LEARNERSChapter 5: Key Elements of a Curriculum for Intermediate ELLsChapter 6: Daily Instruction for Intermediate ELLsReflectionHomeworkField TripsAssessmentA Sample Unit: Problem/SolutionA Sample Week in a Two Period (Sixty Minutes Each) Intermediate ESL ClassInductive Lesson PlanUsing Text to Generate Analytical Writing Lesson PlanOther ActivitiesPART FOUR: TEACHING ENGLISH LANGUAGE LEARNERS IN THE CONTENT AREASChapter 7: English Language Learners in the Mainstream ClassroomChapter 8: Teaching Social StudiesChapter 9: Teaching ScienceChapter 10: Teaching MathPART FIVE: FURTHER STRATEGIES TO ENSURE SUCCESSChapter 11: Using Learning Games in the ESL ClassroomResearch SupportWhat are the Qualities of a Good Learning Game?Chapter 12: Handling Potential ChallengesStudent MotivationThe Advantages of Being Bilingual or Multilingual Lesson PlanThe Qualities of a Successful Language Learner Lesson PlanTextbook IntegrationError CorrectionLimited Access to Educational TechnologyMultilevel ClassesPrimary Language Use in the ESL ClassroomClassroom ManagementBook SelectionChapter 13: Assessing English Language LearnersAssessing ELLs: Key PrinciplesAfterwordEndnotesReferences.</subfield>
  </datafield>
  <datafield tag="520" ind1=" " ind2=" ">
    <subfield code="a">"A much-needed resource for teaching English to all learnersThe number of English language learners in U.S. schools is projected to grow to twenty-five percent by 2025. Most teachers have English learners in their classrooms, from kindergarten through college. The ESL/ELL Teacher's Survival Guide offers educators practical strategies for setting up an ESL-friendly classroom, motivating and interacting with students, communicating with parents of English learners, and navigating the challenges inherent in teaching ESL students.   Provides research-based instructional techniques which have proven effective with English learners at all proficiency levels  Offers thematic units complete with reproducible forms and worksheets, sample lesson plans, and sample student assignments  The book's ESL lessons connect to core standards and technology applications This hands-on resource will give all teachers at all levels the information they need to be effective ESL instructors"--</subfield>
  </datafield>
  <datafield tag="650" ind1=" " ind2="7">
    <subfield code="a">English language</subfield>
    <subfield code="x">Study and teaching</subfield>
    <subfield code="x">Foreign speakers.</subfield>
    <subfield code="2">BUEsh</subfield>
  </datafield>
  <datafield tag="650" ind1=" " ind2="7">
    <subfield code="a">English language</subfield>
    <subfield code="x">Study and teaching as a second language.</subfield>
    <subfield code="2">BUEsh</subfield>
  </datafield>
  <datafield tag="651" ind1=" " ind2=" ">
    <subfield code="2">BUEsh</subfield>
  </datafield>
  <datafield tag="653" ind1=" " ind2=" ">
    <subfield code="c">September2015</subfield>
    <subfield code="c">November2015</subfield>
    <subfield code="b">HHUUEENN</subfield>
  </datafield>
  <datafield tag="655" ind1=" " ind2=" ">
    <subfield code="v">Reading book</subfield>
    <subfield code="9">34232</subfield>
  </datafield>
  <datafield tag="700" ind1="1" ind2=" ">
    <subfield code="a">Hull-Sypnieski, Katie,</subfield>
    <subfield code="d">1974-</subfield>
    <subfield code="e">author.</subfield>
    <subfield code="9">39444</subfield>
  </datafield>
  <datafield tag="942" ind1=" " ind2=" ">
    <subfield code="2">ddc</subfield>
    <subfield code="c">BB</subfield>
  </datafield>
  <datafield tag="999" ind1=" " ind2=" ">
    <subfield code="c">20842</subfield>
    <subfield code="d">20814</subfield>
  </datafield>
  <datafield tag="952" ind1=" " ind2=" ">
    <subfield code="0">0</subfield>
    <subfield code="1">0</subfield>
    <subfield code="2">ddc</subfield>
    <subfield code="4">0</subfield>
    <subfield code="7">0</subfield>
    <subfield code="8">Baccah</subfield>
    <subfield code="a">MAIN</subfield>
    <subfield code="b">MAIN</subfield>
    <subfield code="c">2ND</subfield>
    <subfield code="d">2015-09-06</subfield>
    <subfield code="e">Purchase</subfield>
    <subfield code="g">215.00</subfield>
    <subfield code="h">23317</subfield>
    <subfield code="l">0</subfield>
    <subfield code="o">428.0071 FER</subfield>
    <subfield code="p">000030930</subfield>
    <subfield code="r">2025-07-15 00:00:00</subfield>
    <subfield code="v">269.00</subfield>
    <subfield code="y">BB</subfield>
  </datafield>
</record>
